000 01762cam a2200265 4500500
005 20260322005441.0
041 _afre
042 _adc
100 1 0 _aRichter, Silvia
_eauthor
245 0 0 _aLa Haskala et la notion de la Öffentlichkeit juive au XVIIIe siècle : Isaac Euchel et la revue ha-meassef
260 _c2014.
500 _a98
520 _aLa notion d'espace public a joué un rôle crucial dans le mouvement de Haskala. Cet article met en avant la pertinence et la fonction de cette notion en soulignant l'importance des périodiques, et en particulier de la revue Ha-Meassef éditée par Isaac Euchel (1756-1804). En analysant le contenu et les ambitions de cette revue, cette contribution cherche à montrer son rôle dans le mouvement de Haskala et l'impact qu'elle a eue sur la vie intellectuelle au 18e siècle et au-delà.
520 _aThe notion of the public sphere (Öffentlichkeit) played a crucial rôle in the Haskala movement. This article elaborates on the relevance and function of this notion by focusing on the importance of journals, especially on the Hebrew journal Ha-Meassef edited by Isaac Euchel (1756-1804). By analysing the content and the ambitions of the journal, this article points at its significance for the Haskala movement and at the impact it had on Jewish intellectual life in the 18th century and beyond.
690 _aemancipation
690 _aEnlightenment
690 _aespace public
690 _aHaskala
690 _aphilosophie des Lumières
690 _apress
690 _apresse
690 _apublic sphere
786 0 _nLumières | 26 | 2 | 2014-02-24 | p. 79-91 | 1762-4630
856 4 1 _uhttps://shs.cairn.info/revue-lumieres-2015-2-page-79?lang=fr&redirect-ssocas=7080
999 _c1748653
_d1748653